Misspellings of Canadian Provinces - Statistics

General Stats
  • This quiz has been taken 14 times
  • The average score is 5 of 5
Answer Stats
Hint Answer % Correct
man a toba Manitoba
100%
quabec Quebec
100%
british culombia British Columbia
92%
sis scach o wan Saskatchewan
85%
nun av it Nunavut
77%
No matching quizzes found
Score Distribution
Percent of People with Each Score
Percentile by Number Answered
Your Score History
You have not taken this quiz